<?xml version="1.0" encoding="UTF-8"?>
<collection xmlns="http://www.loc.gov/MARC21/slim">
<record>
  <controlfield tag="001">130596</controlfield>
  <controlfield tag="005">20240319081006.0</controlfield>
  <datafield tag="024" ind1="7" ind2=" ">
    <subfield code="2">doi</subfield>
    <subfield code="a">10.1080/02652048.2022.2061621</subfield>
  </datafield>
  <datafield tag="024" ind1="8" ind2=" ">
    <subfield code="2">sideral</subfield>
    <subfield code="a">129356</subfield>
  </datafield>
  <datafield tag="037" ind1=" " ind2=" ">
    <subfield code="a">ART-2022-129356</subfield>
  </datafield>
  <datafield tag="041" ind1=" " ind2=" ">
    <subfield code="a">eng</subfield>
  </datafield>
  <datafield tag="100" ind1=" " ind2=" ">
    <subfield code="a">Roche, Alejandro</subfield>
    <subfield code="u">Universidad de Zaragoza</subfield>
    <subfield code="0">(orcid)0000-0003-1391-3725</subfield>
  </datafield>
  <datafield tag="245" ind1=" " ind2=" ">
    <subfield code="a">Evaluation of PEG-b-polycarbonates self-assemblies containing azobenzene or coumarin moieties as nanocarriers using paclitaxel as a model hydrophobic drug</subfield>
  </datafield>
  <datafield tag="260" ind1=" " ind2=" ">
    <subfield code="c">2022</subfield>
  </datafield>
  <datafield tag="506" ind1="0" ind2=" ">
    <subfield code="a">Access copy available to the general public</subfield>
    <subfield code="f">Unrestricted</subfield>
  </datafield>
  <datafield tag="520" ind1="3" ind2=" ">
    <subfield code="a">The work assesses the performance of nanocarriers from amphiphilic block copolymers with functional azobenzene or coumarin moieties for delivery of paclitaxel. Placlitaxel was encapsulated by the nanoprecipitation method. Characterisations were performed by DLS, TEM, Zeta potential and HPLC. Cell viability was investigated in HeLa and Huh-5-2-cell lines. Coumarin-containing polymeric micelles (Dh = 26 ± 2 nm, PDI = 0.28, ζ = ‒22.9 ± 3.6 mV) with 11.2 ± 0.5%w/w drug loading showed enhanced cytotoxicity in HeLa cells (IC50 &lt; 0.02 nM) compared to free paclitaxel (IC50 = 0.17 ± 0.02 nM). Azobenzene-containing polymeric vesicles (Dh = 390 ± 20 nm, PDI = 0.24, ζ = ‒33.2 ± 5.0 mV) with a 6.8 ± 0.4%w/w drug loading showed increased cytotoxicity under 530 nm light (IC50 = 0.0114 ± 0.00033 nM) in HeLa cells due to a stimulated delivery of paclitaxel. Effectivity of these block copolymers as paclitaxel nanovectors and light stimulated release has been demonstrated.</subfield>
  </datafield>
  <datafield tag="536" ind1=" " ind2=" ">
    <subfield code="9">info:eu-repo/grantAgreement/ES/DGA/B25-17R</subfield>
    <subfield code="9">info:eu-repo/grantAgreement/ES/DGA/E47-17R</subfield>
    <subfield code="9">info:eu-repo/grantAgreement/ES/ISCIII/CIBERehd</subfield>
    <subfield code="9">info:eu-repo/grantAgreement/ES/ISCIII-ERDF-ESF/PI15-00663-Investing in your future</subfield>
    <subfield code="9">info:eu-repo/grantAgreement/ES/ISCIII-ERDF-ESF/PI18-00349-Investing in your future</subfield>
    <subfield code="9">info:eu-repo/grantAgreement/ES/MINECO/MAT2017-84838-P</subfield>
  </datafield>
  <datafield tag="540" ind1=" " ind2=" ">
    <subfield code="9">info:eu-repo/semantics/openAccess</subfield>
    <subfield code="a">by-nc-nd</subfield>
    <subfield code="u">http://creativecommons.org/licenses/by-nc-nd/3.0/es/</subfield>
  </datafield>
  <datafield tag="590" ind1=" " ind2=" ">
    <subfield code="a">3.9</subfield>
    <subfield code="b">2022</subfield>
  </datafield>
  <datafield tag="591" ind1=" " ind2=" ">
    <subfield code="a">CHEMISTRY, APPLIED</subfield>
    <subfield code="b">22 / 72 = 0.306</subfield>
    <subfield code="c">2022</subfield>
    <subfield code="d">Q2</subfield>
    <subfield code="e">T1</subfield>
  </datafield>
  <datafield tag="591" ind1=" " ind2=" ">
    <subfield code="a">PHARMACOLOGY &amp; PHARMACY</subfield>
    <subfield code="b">102 / 278 = 0.367</subfield>
    <subfield code="c">2022</subfield>
    <subfield code="d">Q2</subfield>
    <subfield code="e">T2</subfield>
  </datafield>
  <datafield tag="591" ind1=" " ind2=" ">
    <subfield code="a">ENGINEERING, CHEMICAL</subfield>
    <subfield code="b">53 / 141 = 0.376</subfield>
    <subfield code="c">2022</subfield>
    <subfield code="d">Q2</subfield>
    <subfield code="e">T2</subfield>
  </datafield>
  <datafield tag="592" ind1=" " ind2=" ">
    <subfield code="a">0.511</subfield>
    <subfield code="b">2022</subfield>
  </datafield>
  <datafield tag="593" ind1=" " ind2=" ">
    <subfield code="a">Organic Chemistry</subfield>
    <subfield code="c">2022</subfield>
    <subfield code="d">Q2</subfield>
  </datafield>
  <datafield tag="593" ind1=" " ind2=" ">
    <subfield code="a">Colloid and Surface Chemistry</subfield>
    <subfield code="c">2022</subfield>
    <subfield code="d">Q2</subfield>
  </datafield>
  <datafield tag="593" ind1=" " ind2=" ">
    <subfield code="a">Physical and Theoretical Chemistry</subfield>
    <subfield code="c">2022</subfield>
    <subfield code="d">Q2</subfield>
  </datafield>
  <datafield tag="593" ind1=" " ind2=" ">
    <subfield code="a">Pharmaceutical Science</subfield>
    <subfield code="c">2022</subfield>
    <subfield code="d">Q2</subfield>
  </datafield>
  <datafield tag="593" ind1=" " ind2=" ">
    <subfield code="a">Bioengineering</subfield>
    <subfield code="c">2022</subfield>
    <subfield code="d">Q3</subfield>
  </datafield>
  <datafield tag="594" ind1=" " ind2=" ">
    <subfield code="a">6.2</subfield>
    <subfield code="b">2022</subfield>
  </datafield>
  <datafield tag="655" ind1=" " ind2="4">
    <subfield code="a">info:eu-repo/semantics/article</subfield>
    <subfield code="v">info:eu-repo/semantics/acceptedVersion</subfield>
  </datafield>
  <datafield tag="700" ind1=" " ind2=" ">
    <subfield code="a">Morcuende-Ventura, Violeta</subfield>
  </datafield>
  <datafield tag="700" ind1=" " ind2=" ">
    <subfield code="a">Tejedor, Rosa M.</subfield>
    <subfield code="u">Universidad de Zaragoza</subfield>
    <subfield code="0">(orcid)0000-0003-1141-5933</subfield>
  </datafield>
  <datafield tag="700" ind1=" " ind2=" ">
    <subfield code="a">Oriol, Luis</subfield>
    <subfield code="u">Universidad de Zaragoza</subfield>
    <subfield code="0">(orcid)0000-0002-0922-5615</subfield>
  </datafield>
  <datafield tag="700" ind1=" " ind2=" ">
    <subfield code="a">Abian, Olga</subfield>
    <subfield code="u">Universidad de Zaragoza</subfield>
    <subfield code="0">(orcid)0000-0001-5664-1729</subfield>
  </datafield>
  <datafield tag="700" ind1=" " ind2=" ">
    <subfield code="a">Piñol, Milagros</subfield>
    <subfield code="u">Universidad de Zaragoza</subfield>
    <subfield code="0">(orcid)0000-0001-5556-2172</subfield>
  </datafield>
  <datafield tag="710" ind1="2" ind2=" ">
    <subfield code="1">2013</subfield>
    <subfield code="2">765</subfield>
    <subfield code="a">Universidad de Zaragoza</subfield>
    <subfield code="b">Dpto. Química Orgánica</subfield>
    <subfield code="c">Área Química Orgánica</subfield>
  </datafield>
  <datafield tag="710" ind1="2" ind2=" ">
    <subfield code="1">1002</subfield>
    <subfield code="2">060</subfield>
    <subfield code="a">Universidad de Zaragoza</subfield>
    <subfield code="b">Dpto. Bioq.Biolog.Mol. Celular</subfield>
    <subfield code="c">Área Bioquímica y Biolog.Mole.</subfield>
  </datafield>
  <datafield tag="773" ind1=" " ind2=" ">
    <subfield code="g">39, 3 (2022), 276-287</subfield>
    <subfield code="p">J. microencapsul</subfield>
    <subfield code="t">Journal of microencapsulation</subfield>
    <subfield code="x">0265-2048</subfield>
  </datafield>
  <datafield tag="856" ind1="4" ind2=" ">
    <subfield code="s">1361345</subfield>
    <subfield code="u">http://zaguan.unizar.es/record/130596/files/texto_completo.pdf</subfield>
    <subfield code="y">Postprint</subfield>
  </datafield>
  <datafield tag="856" ind1="4" ind2=" ">
    <subfield code="s">1171097</subfield>
    <subfield code="u">http://zaguan.unizar.es/record/130596/files/texto_completo.jpg?subformat=icon</subfield>
    <subfield code="x">icon</subfield>
    <subfield code="y">Postprint</subfield>
  </datafield>
  <datafield tag="909" ind1="C" ind2="O">
    <subfield code="o">oai:zaguan.unizar.es:130596</subfield>
    <subfield code="p">articulos</subfield>
    <subfield code="p">driver</subfield>
  </datafield>
  <datafield tag="951" ind1=" " ind2=" ">
    <subfield code="a">2024-03-18-14:37:11</subfield>
  </datafield>
  <datafield tag="980" ind1=" " ind2=" ">
    <subfield code="a">ARTICLE</subfield>
  </datafield>
</record>
</collection>